00440nam a22001337a 4500003000500000038001800005082000800023100002000031245009300051264003500144300002400179700004500203856005800248NUST aNusrat Nadeem a200 aAbid, Adeel Bin aHigh Gain Beam Scanning Antenna using Ridge Gap Waveguide Technology /cAdeel Bin Abid,  aIslamabad;bSEECS NUST;c2024. a79,p;bill;c30,cm. aSupervisor: Dr. Muhammad Mustafa Tahseen u http://10.250.8.41:8080/xmlui/handle/123456789/46563